|
|
|
|
| LEADER |
00000nlm0a2200000 4500 |
| 001 |
646415 |
| 005 |
20231214153840.0 |
| 029 |
1 |
0 |
|a RU
|b 2400848
|c Пат.
|d МПК G 21 F 9/34
|
| 035 |
|
|
|a (RuTPU)RU\TPU\network\11551
|
| 035 |
|
|
|a RU\TPU\network\11550
|
| 039 |
0 |
|
|a RU
|b 2009125112/06
|c 20090630
|
| 090 |
|
|
|a 646415
|
| 100 |
|
|
|a 20160229j20100927k y0rusy50 ca
|
| 101 |
0 |
|
|a rus
|
| 102 |
|
|
|a RU
|
| 105 |
|
|
|a a k 000zy
|
| 135 |
|
|
|a drgn ---uucaa
|
| 181 |
|
0 |
|a i
|
| 182 |
|
0 |
|a b
|
| 200 |
1 |
|
|a Устройство для размыва осадка и дезактивации (варианты)
|f П. М. Гаврилов [и др.]
|g Горно-химический комбинат (ГХК)
|
| 203 |
|
|
|a Текст
|c электронный
|
| 300 |
|
|
|a опубл. 27.09.10
|
| 330 |
|
|
|a Изобретение относится к атомной промышленности в части размыва донных осадков и дезактивации емкостей-хранилищ после их освобождения от радиоактивных отходов любого уровня активности.
|
| 610 |
1 |
|
|a патенты
|
| 610 |
1 |
|
|a труды учёных ТПУ
|
| 610 |
1 |
|
|a электронный ресурс
|
| 610 |
1 |
|
|a изобретения
|
| 610 |
1 |
|
|a размывы
|
| 610 |
1 |
|
|a осадки
|
| 610 |
1 |
|
|a дезактивация
|
| 610 |
1 |
|
|a атомная промышленность
|
| 610 |
1 |
|
|a отмывка
|
| 610 |
1 |
|
|a емкости
|
| 701 |
|
1 |
|a Гаврилов
|b П. М.
|c специалист в области атомной энергетики
|c профессор Томского политехнического университета, доктор технических наук
|f 1960-
|g Петр Михайлович
|3 (RuTPU)RU\TPU\pers\27697
|9 12771
|
| 701 |
|
1 |
|a Ревенко
|b Ю. А.
|g Юрий Александрович
|
| 701 |
|
1 |
|a Бараков
|b Б. Н.
|g Борис Николаевич
|
| 701 |
|
1 |
|a Бочкарев
|b В. А.
|g Виталий Александрович
|
| 701 |
|
1 |
|a Рыбалкин
|b И. А.
|g Игорь Андреевич
|
| 712 |
0 |
2 |
|a Горно-химический комбинат (ГХК)
|c (Железногорск)
|3 (RuTPU)RU\TPU\col\16911
|
| 801 |
|
1 |
|a RU
|b 63413507
|c 20120201
|
| 801 |
|
2 |
|a RU
|b 63413507
|c 20160229
|g RCR
|
| 856 |
4 |
|
|u http://www.fips.ru/Archive/PAT/2010FULL/2010.09.27/DOC/RUNWC1/000/000/002/400/848/document.pdf
|
| 942 |
|
|
|c CF
|